| 000 | 00551nam a22001817a 4500 | ||
|---|---|---|---|
| 008 | 260324b |||||||| |||| 00| 0 eng d | ||
| 020 | _a9783642059063 | ||
| 050 | _aRC 633 .L64 2005 | ||
| 100 | _aLoffler,H. | ||
| 245 |
_aAtlas of clinical Hematology/ _cH.Loffler |
||
| 250 | _a6th ed | ||
| 260 |
_aTokyo: _bSpringer, _cc2005. |
||
| 300 |
_axiii,429p.: _bill,;(chifly col) _c26cm |
||
| 650 | _aHematology. | ||
| 650 | _aHematologic diseases. | ||
| 700 | _aHaferlach T. | ||
| 942 |
_2lcc _cBOOKS _hRC 633 .L64 2005 _kRC 633 _m.L64 2005 |
||
| 999 |
_c32382 _d32382 |
||